000 00289nam a2200109Ia 4500
008 220204s9999 xx 000 0 und d
082 _a07(540)
_bALL
245 0 _aWhat ails the Indian press? Diagonsis and remedies
260 _aDelhi
_bSomaiya
_c1970
650 _aIndian press
942 _cBK
999 _c31143
_d31143